[Event "Eesti MV"]
[Site "?"]
[Date "2005.05.10"]
[Round "1"]
[White "Sepp, Olav"]
[Black "Kalinitshev, Andrei"]
[Result "0-1"]
[WhiteElo "2486"]
[BlackElo "2352"]
[PlyCount "84"]
[EventDate "2005.05.12"]
[EventType "tourn"]
[EventRounds "1"]
[SourceDate "2005.05.12"]

1. e4 c5 2. Nf3 a6 3. c3 d5 4. exd5 Nf6 5. d4 cxd4 6. Qa4+ Bd7 7. Qxd4 Bg4 8.
Ne5 Bf5 9. Bc4 Be4 10. O-O Bxd5 11. Rd1 e6 12. Bg5 Nc6 13. Qe3 Nxe5 14. Bxd5
Qc7 15. Bb3 Neg4 16. Qh3 Bc5 17. Be3 Nxe3 18. fxe3 Qf4 19. Qf3 Bxe3+ 20. Kf1
Ng4 21. Ke2 Qe5 22. Qxg4 Bc1+ 23. Kf1 Bxb2 24. Nd2 Bxa1 25. Rxa1 Qxc3 26. Rd1
O-O-O 27. Ne4 Rxd1+ 28. Qxd1 Qc7 29. g3 Kb8 30. Qd4 f5 31. Nc5 Rd8 32. Qb4 Qc6
33. Kf2 e5 34. Ba4 Qd5 35. Qb6 Ka8 36. Nxb7 Qd2+ 37. Kf1 Qc1+ 38. Kg2 Rd2+ 39.
Kh3 Qf1+ 40. Kh4 Rxh2+ 41. Kg5 Rh5+ 42. Kxh5 Qh3+ 0-1

[Event "Eesti MV"]
[Site "?"]
[Date "2005.05.11"]
[Round "2"]
[White "Shvõrjov, Igor"]
[Black "Zjukin, Sergei"]
[Result "1-0"]
[WhiteElo "2485"]
[BlackElo "2367"]
[PlyCount "61"]
[EventDate "2005.05.12"]
[EventType "tourn"]
[EventRounds "1"]
[SourceDate "2005.05.12"]

1. e4 e5 2. Bc4 Nf6 3. d3 Bc5 4. Nf3 Nc6 5. c3 d6 6. Nbd2 Bb6 7. Bb3 Ne7 8. Nc4
Ng6 9. h3 O-O 10. O-O h6 11. Re1 Be6 12. d4 Bxc4 13. Bxc4 Re8 14. a4 a5 15. Qb3
Qd7 16. Be3 Nxe4 17. Bb5 c6 18. Bd3 exd4 19. Bxd4 Bxd4 20. Bxe4 Rxe4 21. Rxe4
Bf6 22. Rae1 d5 23. R4e3 h5 24. Qb6 Ne7 25. Ne5 Qc8 26. R3e2 Ra6 27. Qc5 Qc7
28. Nf3 Kf8 29. Nd4 g6 30. Re6 b6 31. Rxf6 1-0

[Event "Eesti MV"]
[Site "?"]
[Date "2005.05.11"]
[Round "2"]
[White "Kanep, Meelis"]
[Black "Sepp, Olav"]
[Result "1/2-1/2"]
[WhiteElo "2502"]
[BlackElo "2486"]
[PlyCount "37"]
[EventDate "2005.05.12"]
[EventType "tourn"]
[EventRounds "1"]
[SourceDate "2005.05.12"]

1. d4 Nf6 2. c4 g6 3. g3 Bg7 4. Bg2 d5 5. Nf3 O-O 6. O-O dxc4 7. Na3 Nc6 8.
Nxc4 Be6 9. b3 Bd5 10. Bb2 a5 11. Rc1 a4 12. bxa4 Ra6 13. a3 Qa8 14. a5 Rd8 15.
Qc2 Be4 16. Qb3 Bd5 17. Qc2 Be4 18. Qd2 Ne8 19. Qe3 1/2-1/2

[Event "Eesti MV"]
[Site "?"]
[Date "2005.05.11"]
[Round "2"]
[White "Lelumees, Brait"]
[Black "Zavoronkov, Vladimir"]
[Result "1-0"]
[WhiteElo "2187"]
[BlackElo "2380"]
[PlyCount "103"]
[EventDate "2005.05.12"]
[EventType "tourn"]
[EventRounds "1"]
[SourceDate "2005.05.12"]

1. e4 c5 2. Nf3 Nc6 3. d4 cxd4 4. Nxd4 Qc7 5. Nc3 e6 6. a3 Nf6 7. Be2 a6 8. O-O
Nxd4 9. Qxd4 Bd6 10. Kh1 Be5 11. Qd3 Qc6 12. Bf3 h5 13. Bd2 Ng4 14. g3 b6 15.
Bg2 h4 16. f3 h3 17. fxg4 hxg2+ 18. Kxg2 Bb7 19. Rae1 f6 20. b4 Rc8 21. Re3 Qc4
22. Rfe1 Ke7 23. h4 Rc7 24. Kh3 Rhc8 25. Ne2 Qxc2 26. Nf4 Kf7 27. h5 Qc4 28.
Ng6 Bd4 29. Qxc4 Rxc4 30. Rd3 R8c7 31. e5 f5 32. gxf5 exf5 33. Be3 Bxe3 34.
Rexe3 Be4 35. Rd1 Rc1 36. Ree1 R1c3 37. Rd6 Rxa3 38. Rxb6 Rcc3 39. Rg1 Bc6 40.
Rb8 Rc4 41. Rd1 d5 42. exd6 Ke6 43. d7 Bxd7 44. Nf8+ Kf6 45. Nxd7+ Kg5 46. Nc5
f4 47. Ne6+ Kxh5 48. Nxg7+ Kg6 49. Rb6+ Kh7 50. Nf5 Rc8 51. Rd7+ Kh8 52. Rh6+
1-0

[Event "Eesti MV"]
[Site "?"]
[Date "2005.05.11"]
[Round "3"]
[White "Seeman, Tarvo"]
[Black "Shvõrjov, Igor"]
[Result "1-0"]
[WhiteElo "2430"]
[BlackElo "2485"]
[PlyCount "83"]
[EventDate "2005.05.12"]
[EventType "tourn"]
[EventRounds "1"]
[SourceDate "2005.05.12"]

1. c4 Nf6 2. Nc3 g6 3. d4 Bg7 4. Bg5 O-O 5. e3 d6 6. Bd3 c6 7. Nge2 Nbd7 8. O-O
e5 9. h3 Re8 10. f4 exd4 11. exd4 h6 12. Bh4 a6 13. a4 a5 14. Kh1 Nf8 15. Ng3
Qb6 16. c5 dxc5 17. Bxf6 Bxf6 18. Nce4 Bxd4 19. f5 Qc7 20. Qf3 Nh7 21. Rae1 Rf8
22. Bc4 b5 23. fxg6 bxc4 24. gxh7+ Kh8 25. Nf6 Be6 26. Ngh5 Qd6 27. Re4 Bxb2
28. Qf2 Rab8 29. Qh4 Qd2 30. Nf4 Bf5 31. Re2 Qd4 32. Rxb2 Qxb2 33. Qxh6 Bg6 34.
Qg5 Qc2 35. Nd7 Rb1 36. Qf6+ Kxh7 37. Nxf8+ Kg8 38. N4xg6 Rxf1+ 39. Qxf1 fxg6
40. Ne6 Qc3 41. Qf8+ Kh7 42. Ng5# 1-0

[Event "Eesti MV"]
[Site "?"]
[Date "2005.05.11"]
[Round "3"]
[White "Zavoronkov, Vladimir"]
[Black "Külaots, Kaido"]
[Result "1/2-1/2"]
[WhiteElo "2380"]
[BlackElo "2561"]
[PlyCount "106"]
[EventDate "2005.05.12"]
[EventType "tourn"]
[EventRounds "1"]
[SourceDate "2005.05.12"]

1. e4 c5 2. Nf3 d6 3. Bb5+ Nd7 4. c3 Ngf6 5. Qe2 a6 6. Ba4 e5 7. O-O Be7 8. d4
b5 9. Bc2 O-O 10. a4 Rb8 11. axb5 axb5 12. h3 Re8 13. d5 c4 14. Be3 Qc7 15.
Nbd2 Nc5 16. Nh2 Nfd7 17. Ng4 Nf8 18. Ra2 Bb7 19. Qf3 Ra8 20. Raa1 Rxa1 21.
Rxa1 Ra8 22. Rxa8 Bxa8 23. Nf1 Bb7 24. Ng3 Bc8 25. Nf5 Bxf5 26. exf5 Nfd7 27.
f6 Nxf6 28. Nxf6+ Bxf6 29. Qf5 Nd3 30. Bxd3 cxd3 31. Qxd3 Qc4 32. Qxc4 bxc4 33.
Kf1 Bd8 34. Ke2 f5 35. Kd2 Kf7 36. Kc2 Kf6 37. b4 cxb3+ 38. Kxb3 f4 39. Ba7 Kf5
40. c4 e4 41. c5 dxc5 42. Bxc5 Ke5 43. Kc4 g5 44. Ba7 h5 45. Bb8+ Kf5 46. d6
Ke6 47. Kd4 e3 48. fxe3 Bb6+ 49. Kd3 fxe3 50. Bc7 Bc5 51. Bd8 g4 52. hxg4 hxg4
53. Bg5 Bxd6 1/2-1/2

[Event "Eesti MV"]
[Site "?"]
[Date "2005.05.11"]
[Round "3"]
[White "Sepp, Olav"]
[Black "Lelumees, Brait"]
[Result "1-0"]
[WhiteElo "2486"]
[BlackElo "2187"]
[PlyCount "47"]
[EventDate "2005.05.12"]
[EventType "tourn"]
[EventRounds "1"]
[SourceDate "2005.05.12"]

1. e4 c5 2. Nf3 d6 3. d4 cxd4 4. Nxd4 Nf6 5. Nc3 e6 6. Be3 Be7 7. f4 Nc6 8. Qd2
a6 9. O-O-O Qc7 10. Be2 O-O 11. g4 Nxd4 12. Bxd4 e5 13. Be3 Bxg4 14. Bxg4 Nxg4
15. Nd5 Qd8 16. Bb6 Qe8 17. Rhg1 Nf6 18. fxe5 Nxe4 19. Nxe7+ Qxe7 20. exd6 Qd7
21. Qd5 Rae8 22. Rd4 Nf2 23. Rh4 Re2 24. Qh5 1-0

[Event "Eesti MV"]
[Site "?"]
[Date "2005.05.11"]
[Round "3"]
[White "Rõtshagov, Mihhail"]
[Black "Kanep, Meelis"]
[Result "1/2-1/2"]
[WhiteElo "2484"]
[BlackElo "2502"]
[PlyCount "42"]
[EventDate "2005.05.12"]
[EventType "tourn"]
[EventRounds "1"]
[SourceDate "2005.05.12"]

1. e4 c5 2. Nf3 d6 3. d4 cxd4 4. Nxd4 Nf6 5. Nc3 a6 6. Bg5 e6 7. f4 Be7 8. Qf3
h6 9. Bh4 Qc7 10. O-O-O Nbd7 11. Be2 b5 12. Bxf6 Nxf6 13. e5 Bb7 14. Qg3 dxe5
15. fxe5 Nd5 16. Nxe6 fxe6 17. Qg6+ Kd7 18. Bg4 Qxe5 19. Nxd5 Qg5+ 20. Ne3+ Kc7
21. Qxe6 Bc8 1/2-1/2

[Event "Eesti MV"]
[Site "?"]
[Date "2005.05.11"]
[Round "3"]
[White "Zjukin, Sergei"]
[Black "Kalinitshev, Andrei"]
[Result "1/2-1/2"]
[WhiteElo "2367"]
[BlackElo "2352"]
[PlyCount "24"]
[EventDate "2005.05.12"]
[EventType "tourn"]
[EventRounds "1"]
[SourceDate "2005.05.12"]

1. e4 c5 2. Nf3 a6 3. c3 d5 4. exd5 Nf6 5. d4 cxd4 6. Qxd4 Qxd5 7. Qxd5 Nxd5 8.
g3 Nc6 9. Bg2 e6 10. Nbd2 Be7 11. Nc4 O-O 12. O-O b5 1/2-1/2

[Event "Eesti MV"]
[Site "?"]
[Date "2005.05.12"]
[Round "4"]
[White "Shvõrjov, Igor"]
[Black "Kalinitshev, Andrei"]
[Result "0-1"]
[WhiteElo "2485"]
[BlackElo "2352"]
[PlyCount "42"]
[EventDate "2005.05.12"]
[EventType "tourn"]
[EventRounds "1"]
[SourceDate "2005.05.12"]

1. d4 g6 2. Nf3 Bg7 3. c4 d6 4. Nc3 Nc6 5. e3 e5 6. Be2 f5 7. d5 Nce7 8. b4 a5
9. Ba3 axb4 10. Bxb4 e4 11. Nd4 c5 12. dxc6 bxc6 13. Ncb5 c5 14. Nc6 Nxc6 15.
Qd5 Nxb4 16. Nxd6+ Ke7 17. Qf7+ Kxd6 18. O-O-O+ Bd4 19. exd4 Qe7 20. dxc5+ Kc7
21. Qxe7+ Nxe7 0-1

[Event "Eesti MV"]
[Site "?"]
[Date "2005.05.12"]
[Round "4"]
[White "Lelumees, Brait"]
[Black "Rõtshagov, Mihhail"]
[Result "1/2-1/2"]
[WhiteElo "2187"]
[BlackElo "2484"]
[PlyCount "338"]
[EventDate "2005.05.12"]
[EventType "tourn"]
[EventRounds "1"]
[SourceDate "2005.05.12"]

1. c4 e5 2. Nc3 Nf6 3. g3 d5 4. cxd5 Nxd5 5. Bg2 Nb6 6. Nf3 Nc6 7. a3 Be7 8. b4
Be6 9. O-O O-O 10. d3 a5 11. b5 Nd4 12. Bb2 Nb3 13. Rb1 f6 14. Nd2 Nxd2 15.
Qxd2 Nc4 16. Qc1 Nxb2 17. Qxb2 c6 18. bxc6 bxc6 19. Bxc6 Rb8 20. Nb5 Qb6 21.
Bf3 a4 22. Rfc1 Rfc8 23. Rxc8+ Rxc8 24. e3 Bb3 25. Nc3 Qc5 26. Ne2 Qxa3 27.
Qxa3 Bxa3 28. Rxb3 axb3 29. Bd5+ Kf8 30. Bxb3 Rb8 31. Bd5 Rb2 32. Kf1 Bc5 33.
g4 g6 34. h3 Rd2 35. Be4 Ke7 36. Ke1 Bb4 37. Kf1 Ke6 38. Ng3 Bc5 39. Kg1 Rb2
40. Kf1 Bb4 41. Bb7 Bc3 42. Ba6 Ba5 43. Bc4+ Ke7 44. Bd5 Rd2 45. Bc4 Bb6 46.
Kg1 Rc2 47. Bd5 Kf8 48. Be4 Kg7 49. Nf1 Rb2 50. Kg2 Ba5 51. Ng3 Be1 52. Nh1 Kh6
53. Kf1 Ba5 54. h4 Kg7 55. Ng3 Bb6 56. h5 Kh6 57. hxg6 hxg6 58. Bf3 Ba5 59. Be2
Rb8 60. Kg2 Rf8 61. Bf3 f5 62. gxf5 gxf5 63. e4 f4 64. Nf5+ Kg5 65. d4 exd4 66.
Nxd4 Re8 67. Ne2 Rd8 68. Ng1 Rg8 69. Ne2 Kf6+ 70. Kf1 Ke5 71. Nc1 Rd8 72. Ne2
Rd1+ 73. Kg2 Ra1 74. Ng1 Bb4 75. Nh3 Bc5 76. Kh2 Ra8 77. Kg2 Ra2 78. Kf1 Be7
79. Ng1 Bh4 80. Ne2 Rc2 81. Kg2 Bd8 82. Ng1 Bb6 83. Nh3 Bd4 84. Kf1 Rb2 85. Kg2
Be3 86. Kf1 Ba7 87. Kg2 Bb8 88. Kf1 Kd4 89. Ng1 Kd3 90. Nh3 Kd2 91. Ng1 Be5 92.
Nh3 Rb8 93. Ng5 Kd3 94. Be2+ Kd4 95. Bf3 Rb6 96. Nh3 Rg6 97. Ng1 Kd3 98. Nh3
Rh6 99. Ng1 Rh2 100. Bg2 Rh8 101. Bf3 Bd4 102. Kg2 Kd2 103. Kf1 Rb8 104. Nh3
Rb3 105. Ng1 Rb1+ 106. Kg2 Ke1 107. Ne2 Be5 108. Ng1 Rb2 109. Nh3 Bc7 110. Kg1
Rb8 111. Bg4 Rg8 112. f3 Rb8 113. Ng5 Rb2 114. Nf7 Bb6+ 115. Kh1 Kf2 116. Kh2
Bd4 117. e5 Rb8 118. Kh3 Re8 119. Kh4 Bxe5 120. Kg5 Bc7 121. Kf5 Ke3 122. Ng5
Re5+ 123. Kf6 Ra5 124. Ne6 Bb6 125. Ke7 Bd4 126. Kf7 Be5 127. Kg6 Bc3 128. Nc7
Kd4 129. Ne6+ Ke3 130. Ng5 Ra6+ 131. Ne6 Kf2 132. Kf5 Kg3 133. Ke4 Ra4+ 134.
Kf5 Ra5+ 135. Kg6 Ra1 136. Kf5 Re1 137. Ng5 Re5+ 138. Kg6 Re8 139. Kf5 Rf8+
140. Ke6 Re8+ 141. Kf5 Re5+ 142. Kg6 Kh4 143. Ne6 Bd2 144. Kf6 Rd5 145. Kg6 Kg3
146. Ng5 Kf2 147. Ne6 Ra5 148. Kf6 Ke3 149. Kg6 Bc3 150. Kf7 Ra7+ 151. Kg6 Re7
152. Kg5 Rf7 153. Kg6 Rf6+ 154. Kg5 Be5 155. Kh5 Kf2 156. Kg5 Ke2 157. Kh5 Kf2
158. Kg5 Kg2 159. Kh5 Kh2 160. Kg5 Kg3 161. Nc5 Rf8 162. Ne4+ Kg2 163. Nc5 Bf6+
164. Kg6 Be7 165. Ne4 Bd8 166. Kg7 Re8 167. Kf7 Re5 168. Kg6 Be7 169. Kf7 Kf1
1/2-1/2

[Event "Eesti MV"]
[Site "?"]
[Date "2005.05.12"]
[Round "4"]
[White "Külaots, Kaido"]
[Black "Sepp, Olav"]
[Result "1/2-1/2"]
[WhiteElo "2561"]
[BlackElo "2486"]
[PlyCount "88"]
[EventDate "2005.05.12"]
[EventType "tourn"]
[EventRounds "1"]
[SourceDate "2005.05.12"]

1. e4 e5 2. Nf3 Nc6 3. Bb5 Nf6 4. d3 d6 5. O-O g6 6. d4 Bd7 7. Re1 Bg7 8. d5
Ne7 9. Bxd7+ Qxd7 10. a4 O-O 11. a5 Nh5 12. c4 h6 13. Nc3 a6 14. Ra3 f5 15.
exf5 Nxf5 16. Ne4 Nf4 17. h4 Ne7 18. g3 Nh5 19. Nh2 Kh7 20. Qg4 Nf5 21. Qh3 Nf6
22. h5 Qe8 23. hxg6+ Qxg6 24. Ng5+ Kg8 25. Ne6 Rf7 26. Rf3 Nd4 27. Nxd4 exd4
28. Re6 Qb1 29. Qf1 Raf8 30. Re1 Qc2 31. Qd3 Qxd3 32. Rxd3 Nd7 33. f4 Nc5 34.
Ra3 c6 35. b4 Nd7 36. Re6 cxd5 37. cxd5 Rc8 38. Bd2 Nf6 39. Nf3 Nxd5 40. Rxd6
Nc3 41. Re6 Nb1 42. Rd3 Nxd2 43. Rxd2 Rc4 44. Rb6 Re7 1/2-1/2

[Event "Eesti MV"]
[Site "?"]
[Date "2005.05.12"]
[Round "4"]
[White "Seeman, Tarvo"]
[Black "Zavoronkov, Vladimir"]
[Result "1/2-1/2"]
[WhiteElo "2430"]
[BlackElo "2380"]
[PlyCount "140"]
[EventDate "2005.05.12"]
[EventType "tourn"]
[EventRounds "1"]
[SourceDate "2005.05.12"]

1. e4 c5 2. d3 Nc6 3. g3 d5 4. Nd2 Nf6 5. Bg2 e5 6. Ngf3 g6 7. O-O Bg7 8. c3
O-O 9. Re1 Re8 10. a4 h6 11. exd5 Nxd5 12. Nc4 Bf5 13. a5 Qd7 14. Nh4 Be6 15.
Nf3 Bf5 16. Nh4 Be6 17. Qa4 Rad8 18. Nf3 Bf5 19. Nfd2 Bxd3 20. Nb3 Qg4 21. Bxd5
Rxd5 22. Ne3 Qxa4 23. Rxa4 Rdd8 24. Nxc5 Bb5 25. Ra3 Bf8 26. Rb3 a6 27. Nxb7
Rd7 28. Rxb5 axb5 29. a6 f5 30. c4 bxc4 31. Nxc4 Nb4 32. Nba5 Nxa6 33. Bd2 e4
34. Nc6 Re6 35. N6a5 Nb4 36. Bc3 Nd3 37. Re2 Bb4 38. Bxb4 Nxb4 39. Nb3 Rd1+ 40.
Kg2 Nd3 41. Nd4 Nf4+ 42. gxf4 Rxd4 43. Ne3 Rc6 44. b3 Rb6 45. Rb2 Rdb4 46. Nd5
Rxb3 47. Rc2 Rb7 48. h4 h5 49. Rc6 Kf7 50. Ne3 Rb1 51. Nc4 Kg7 52. Ne5 Ra1 53.
Rxg6+ Kh7 54. Rg5 Rbb1 55. Rxh5+ Kg7 56. Rxf5 Rg1+ 57. Kh3 Raf1 58. Rg5+ Rxg5
59. hxg5 Rxf2 60. Kg3 Rf1 61. Nc4 Rc1 62. Nd6 Rc3+ 63. Kg4 e3 64. Nf5+ Kg6 65.
Nh4+ Kf7 66. Kf3 Ke6 67. f5+ Ke5 68. f6 Ke6 69. Ke2 Rc5 70. Nf3 Rxg5 1/2-1/2

[Event "Eesti MV"]
[Site "?"]
[Date "2005.05.13"]
[Round "5"]
[White "Zavoronkov, Vladimir"]
[Black "Shvõrjov, Igor"]
[Result "1/2-1/2"]
[WhiteElo "2380"]
[BlackElo "2485"]
[PlyCount "45"]
[EventDate "2005.05.12"]
[EventType "tourn"]
[EventRounds "1"]
[SourceDate "2005.05.12"]

1. e4 e5 2. Nf3 Nf6 3. Nxe5 d6 4. Nf3 Nxe4 5. d4 d5 6. Bd3 Be7 7. O-O Nc6 8.
Re1 Bg4 9. c4 Nf6 10. Nc3 Bxf3 11. Qxf3 Nxd4 12. Qd1 Ne6 13. cxd5 Nxd5 14. Bb5+
c6 15. Nxd5 cxb5 16. Qb3 O-O 17. Nxe7+ Qxe7 18. Qxb5 a6 19. Qb3 Rfd8 20. Be3
Rac8 21. h3 h6 22. Rac1 Nd4 23. Bxd4 1/2-1/2

[Event "Eesti MV"]
[Site "?"]
[Date "2005.05.13"]
[Round "5"]
[White "Zjukin, Sergei"]
[Black "Lelumees, Brait"]
[Result "1/2-1/2"]
[WhiteElo "2367"]
[BlackElo "2187"]
[PlyCount "34"]
[EventDate "2005.05.12"]
[EventType "tourn"]
[EventRounds "1"]
[SourceDate "2005.05.12"]

1. e4 c5 2. Nf3 d6 3. c3 Nf6 4. Be2 Nbd7 5. d3 b6 6. Nbd2 Bb7 7. O-O g6 8. d4
cxd4 9. cxd4 Bg7 10. e5 dxe5 11. dxe5 Nd5 12. e6 fxe6 13. Ne4 Nc7 14. Qa4 Bd5
15. Nc3 O-O 16. Rd1 Qe8 17. Qh4 Ne5 1/2-1/2

[Event "Eesti MV"]
[Site "?"]
[Date "2005.05.13"]
[Round "5"]
[White "Kalinitshev, Andrei"]
[Black "Kanep, Meelis"]
[Result "1/2-1/2"]
[WhiteElo "2352"]
[BlackElo "2502"]
[PlyCount "32"]
[EventDate "2005.05.12"]
[EventType "tourn"]
[EventRounds "1"]
[SourceDate "2005.05.12"]

1. d4 d5 2. c4 e5 3. dxe5 d4 4. Nf3 Nc6 5. g3 Nge7 6. Bg2 Ng6 7. Bg5 Qd7 8. O-O
h6 9. Bc1 Ngxe5 10. Nbd2 Be7 11. b3 O-O 12. Bb2 Rd8 13. a3 a5 14. Qc2 Qg4 15.
Nxe5 Nxe5 16. Nf3 Nxf3+ 1/2-1/2

[Event "Eesti MV"]
[Site "?"]
[Date "2005.05.15"]
[Round "6"]
[White "Shvõrjov, Igor"]
[Black "Kanep, Meelis"]
[Result "0-1"]
[WhiteElo "2485"]
[BlackElo "2502"]
[PlyCount "68"]
[EventDate "2005.05.12"]
[EventType "tourn"]
[EventRounds "1"]
[SourceDate "2005.05.12"]

1. d4 Nf6 2. Nf3 c5 3. c3 b6 4. Bg5 Ne4 5. Bh4 Bb7 6. e3 g6 7. Be2 Bg7 8. O-O
O-O 9. Nbd2 Nxd2 10. Qxd2 d6 11. d5 Nd7 12. e4 Nf6 13. Qc2 Qc7 14. Nd2 e6 15.
dxe6 fxe6 16. f4 d5 17. e5 Nh5 18. g3 Bh6 19. Rf2 Rf7 20. Raf1 Raf8 21. Nf3 Ng7
22. Bf6 Nf5 23. Qd2 d4 24. Ng5 Bxg5 25. fxg5 Ne3 26. Rc1 Qxe5 27. cxd4 Qxg5 28.
dxc5 bxc5 29. Bxg5 Rxf2 30. Qd7 Rg2+ 31. Kh1 Bd5 32. Bf3 Rxf3 33. Bxe3 Rxb2 34.
Rd1 Rf1# 0-1

[Event "Eesti MV"]
[Site "?"]
[Date "2005.05.13"]
[Round "6"]
[White "Zavoronkov, Vladimir"]
[Black "Sepp, Olav"]
[Result "0-1"]
[WhiteElo "2380"]
[BlackElo "2486"]
[PlyCount "76"]
[EventDate "2005.05.12"]
[EventType "tourn"]
[EventRounds "1"]
[SourceDate "2005.05.12"]

1. e4 e5 2. Bc4 Nf6 3. d3 Nc6 4. Nc3 Na5 5. Nge2 c6 6. Ng3 d6 7. O-O Be7 8. a4
Nxc4 9. dxc4 O-O 10. b3 Be6 11. Bb2 g6 12. Qe2 h5 13. Rfd1 Qc7 14. Bc1 Rad8 15.
Bg5 Ng4 16. Bxe7 Qxe7 17. Rd3 Nf6 18. Rad1 h4 19. Nf1 Nh5 20. g3 Kg7 21. Ne3
hxg3 22. fxg3 Qg5 23. Rxd6 Rxd6 24. Rxd6 Nxg3 25. hxg3 Qxg3+ 26. Ng2 Qxc3 27.
Rd3 Qb4 28. Qf2 Qb6 29. c5 Qb4 30. c4 Rh8 31. Ne3 Qa3 32. Kg2 Qc1 33. Rd1 Qc3
34. Qd2 Qxb3 35. Qd6 Qxe3 36. Qxe5+ f6 37. Qxe6 Qe2+ 38. Kg3 Qh2+ 0-1

[Event "Eesti MV"]
[Site "?"]
[Date "2005.05.14"]
[Round "7"]
[White "Rõtshagov, Mihhail"]
[Black "Zavoronkov, Vladimir"]
[Result "1-0"]
[WhiteElo "2484"]
[BlackElo "2380"]
[PlyCount "49"]
[EventDate "2005.05.12"]
[EventType "tourn"]
[EventRounds "1"]
[SourceDate "2005.05.12"]

1. e4 e5 2. Nf3 Nc6 3. Bb5 a6 4. Ba4 d6 5. O-O Bg4 6. h3 h5 7. Bxc6+ bxc6 8. d4
Bxf3 9. Qxf3 Qf6 10. Qb3 Ne7 11. Qb7 Rc8 12. dxe5 Qxe5 13. Nc3 g5 14. Qxa6 Bg7
15. Be3 g4 16. h4 Rb8 17. Rad1 Qe6 18. Bc1 Be5 19. Ne2 Rb6 20. Qa7 Qc8 21. Ng3
Ng6 22. Nf5 g3 23. fxg3 Bd4+ 24. Rxd4 Ra6 25. Nxd6+ 1-0

[Event "Eesti MV"]
[Site "?"]
[Date "2005.05.14"]
[Round "7"]
[White "Zjukin, Sergei"]
[Black "Seeman, Tarvo"]
[Result "1/2-1/2"]
[WhiteElo "2367"]
[BlackElo "2430"]
[PlyCount "35"]
[EventDate "2005.05.12"]
[EventType "tourn"]
[EventRounds "1"]
[SourceDate "2005.05.12"]

1. e4 c5 2. Nf3 e6 3. d4 cxd4 4. Nxd4 Nc6 5. Nxc6 bxc6 6. Bd3 Nf6 7. O-O d5 8.
Nd2 Be7 9. b3 O-O 10. Bb2 a5 11. Qe2 a4 12. a3 axb3 13. cxb3 c5 14. Rfe1 Bb7
15. Rad1 g6 16. exd5 Qxd5 17. f3 Qg5 18. Ne4 1/2-1/2

[Event "Eesti MV"]
[Site "?"]
[Date "2005.05.15"]
[Round "8"]
[White "Shvõrjov, Igor"]
[Black "Lelumees, Brait"]
[Result "1-0"]
[WhiteElo "2485"]
[BlackElo "2187"]
[PlyCount "120"]
[EventDate "2005.05.12"]
[EventType "tourn"]
[EventRounds "1"]
[SourceDate "2005.05.12"]

1. Nf3 c5 2. g3 Nc6 3. Bg2 e5 4. d3 g6 5. O-O Bg7 6. c3 Nge7 7. e4 O-O 8. Be3
d6 9. h3 Be6 10. Ng5 Bd7 11. f4 exf4 12. Bxf4 h6 13. Nf3 d5 14. Qd2 Kh7 15.
exd5 Nxd5 16. Bd6 Re8 17. Bxc5 Qc7 18. Bf2 Nce7 19. Nd4 f5 20. Ne2 h5 21. Nf4
Bh6 22. Bxd5 Bxf4 23. gxf4 Nxd5 24. Bd4 g5 25. fxg5 Qg3+ 26. Qg2 Qxg2+ 27. Kxg2
Ne3+ 28. Bxe3 Rxe3 29. Nd2 Rae8 30. Nf3 Bc6 31. Rf2 Rxd3 32. Raf1 Ree3 33. Kg3
h4+ 34. Kf4 Bd7 35. Re1 Rxe1 36. Nxe1 Rxh3 37. Nf3 Rh1 38. Ne5 Be6 39. Nf3 Kg6
40. Rd2 Rf1 41. b3 h3 42. Kg3 f4+ 43. Kxf4 h2 44. Rxh2 Bd5 45. Rh6+ Kg7 46. Rh3
Kg6 47. Ke3 Bxf3 48. Rxf3 Rxf3+ 49. Kxf3 Kxg5 50. Ke4 Kf6 51. Kd5 Ke7 52. c4
Kd7 53. c5 Kc7 54. b4 Kd7 55. b5 Ke7 56. c6 Kd8 57. Kd6 bxc6 58. bxc6 Kc8 59.
c7 a6 60. a3 a5 1-0

[Event "Eesti MV"]
[Site "?"]
[Date "2005.05.15"]
[Round "8"]
[White "Külaots, Kaido"]
[Black "Kanep, Meelis"]
[Result "1/2-1/2"]
[WhiteElo "2561"]
[BlackElo "2502"]
[PlyCount "26"]
[EventDate "2005.05.12"]
[EventType "tourn"]
[EventRounds "1"]
[SourceDate "2005.05.12"]

1. e4 c5 2. Nf3 d6 3. d4 cxd4 4. Nxd4 Nf6 5. Nc3 a6 6. Be3 e6 7. Be2 Qc7 8. Qd2
b5 9. a3 Bb7 10. f3 Nc6 11. g4 Rc8 12. g5 Nd7 13. h4 Nde5 1/2-1/2

[Event "Eesti MV"]
[Site "?"]
[Date "2005.05.15"]
[Round "8"]
[White "Zavoronkov, Vladimir"]
[Black "Zjukin, Sergei"]
[Result "1/2-1/2"]
[WhiteElo "2380"]
[BlackElo "2367"]
[PlyCount "20"]
[EventDate "2005.05.12"]
[EventType "tourn"]
[EventRounds "1"]
[SourceDate "2005.05.12"]

1. e4 e5 2. Nf3 Nc6 3. Nc3 Nf6 4. Bb5 Bb4 5. d3 d6 6. h3 O-O 7. O-O Ne7 8. Bg5
c6 9. Bc4 Ng6 10. Nh4 Bxc3 1/2-1/2

[Event "Eesti MV"]
[Site "?"]
[Date "2005.05.16"]
[Round "9"]
[White "Zjukin, Sergei"]
[Black "Sepp, Olav"]
[Result "1/2-1/2"]
[WhiteElo "2367"]
[BlackElo "2486"]
[PlyCount "21"]
[EventDate "2005.05.12"]
[EventType "tourn"]
[EventRounds "1"]
[SourceDate "2005.05.12"]

1. e4 e5 2. Nf3 Nc6 3. Bb5 Nf6 4. O-O Nxe4 5. d4 Nd6 6. Bxc6 dxc6 7. dxe5 Nf5
8. Qxd8+ Kxd8 9. Nc3 Ne7 10. Nd4 Ng6 11. f4 1/2-1/2

[Event "Eesti MV"]
[Site "?"]
[Date "2005.05.16"]
[Round "9"]
[White "Lelumees, Brait"]
[Black "Külaots, Kaido"]
[Result "0-1"]
[WhiteElo "2187"]
[BlackElo "2561"]
[PlyCount "68"]
[EventDate "2005.05.12"]
[EventType "tourn"]
[EventRounds "1"]
[SourceDate "2005.05.12"]

1. c4 Nf6 2. Nc3 e6 3. e4 d5 4. exd5 exd5 5. d4 Be7 6. Nf3 O-O 7. Be2 dxc4 8.
Bxc4 Bg4 9. Be3 Nbd7 10. h3 Bh5 11. O-O c6 12. Bf4 Nb6 13. Be2 Nbd5 14. Be5 Qa5
15. Qb3 Qb4 16. Qxb4 Bxb4 17. Rac1 Rfd8 18. g4 Bg6 19. Nxd5 Nxd5 20. Nh4 Rd7
21. a3 Ba5 22. b4 Bb6 23. Nxg6 hxg6 24. b5 cxb5 25. Bxb5 Rdd8 26. Rfd1 g5 27.
Be2 Rac8 28. Bf3 Rxc1 29. Rxc1 f6 30. Bxd5+ Rxd5 31. Rc8+ Kf7 32. Bc7 Bxd4 33.
Rd8 Rxd8 34. Bxd8 b5 0-1